00383nam a2200109Ia 4500008004100000020001800041100002000059245008800079260003900167650001700206856005000223171212s9999 xx 000 0 und d a9781922064455 aHemer, Susan R. cHemer, Susan R.aTracing the Melanesian PersonbEmotions and Relationships in Lihir bUniversity of Adelaide Pressc2013 aAnthropology uhttp://jstor.org/stable/10.20851/j.ctt1sq5wbn